Normal view
MARC view
Entry Topical Term
001 - CONTROL NUMBER
- control field: 543783
003 - CONTROL NUMBER IDENTIFIER
- control field:
005 - DATE AND TIME OF LATEST TRANSACTION
- control field: 20210602173822.0
008 - FIXED-LENGTH DATA ELEMENTS
- fixed length control field: 210602|| aca||aabn | a|a d
040 ## - CATALOGING SOURCE
- Original cataloging agency:
- Transcribing agency:
150 ## - HEADING--TOPICAL TERM
- Topical term or geographic name entry element: English fiction
- General subdivision: Translated from Oriya
670 ## - SOURCE DATA FOUND
- Source citation: Work cat.: (): Das Burma, Chandra Sekhar, 1945- 543782, The cloudy sky /, 1996
